[路線図付き] 千葉都市モノレール 1号・2号線 駅名穴埋めクイズ - Statistics

General Stats
  • This quiz has been taken 406 times
  • The average score is 12 of 18
Answers on the Map
Answers color-coded by a green-red scale on the quiz's map according to % correct below.
 
Answer Stats
Answer % Correct
1号線 CM03 千葉
99%
1号線 CM01 千葉みなと
93%
2号線 CM11 都賀
86%
1号線 CM18 県庁前
85%
2号線 CM15 千城台
74%
1号線 CM02 市役所前
73%
2号線 CM08 スポーツセンター
69%
2号線 CM09 動物公園
69%
2号線 CM04 千葉公園
65%
2号線 CM06 天台
62%
2号線 CM05 作草部
61%
2号線 CM07 穴川
60%
1号線 CM17 葭川公園
57%
1号線 CM16 栄町
55%
2号線 CM14 千城台北
55%
2号線 CM10 みつわ台
46%
2号線 CM13 小倉台
46%
2号線 CM12 桜木
45%
No matching quizzes found
Score Distribution
Percent of People with Each Score
Percentile by Number Answered
Your Score History
You have not taken this quiz